LEADER 00759nam0-22002891i-450- 001 990002018370403321 005 20150708154619.0 035 $a000201837 035 $aFED01000201837 035 $a(Aleph)000201837FED01 035 $a000201837 100 $a20030910d1959----km-y0itay50------ba 101 0 $ahun 200 1 $aKereszek$d= Ephemeroptera$fSandor Ujhelyi 210 $aBudapest$cAkademiai Kiado$d1959 215 $a96 p.$d24 cm 225 1 $aFauna Hungariae$v49 610 0 $aEfemerotteri 676 $a595.734 700 1$aUjhelyi,$bSandor$085537 801 0$aIT$bUNINA$gRICA$2UNIMARC 901 $aBK 912 $a990002018370403321 952 $a61 IV E.1A/07$b4731$fDAGEN 959 $aDAGEN 996 $aKereszek$9405846 997 $aUNINA LEADER 01078nam--2200361---450- 001 990000515100203316 010 $a3-540-53902-6 035 $a0051510 035 $aUSA010051510 035 $a(ALEPH)000051510USA01 035 $a0051510 100 $a20010618d1992----km-y0itay0103----ba 101 $aeng 102 $aDE 105 $a||||||||001yy 200 1 $aWavelets and singular integral on curves and surfaces$fGuy David 210 $aBerlin$cSpringer$d1992 215 $aX, 109 p.$d24 cm 225 2 $aLectures notes in mathematics$v1465 410 $12001$aLectures notes in mathematics$v1465 606 0 $aIntegrali singolari 676 $a515.2433 700 1$aDAVID,$bGuy$0350534 801 0$aIT$bsalbc$gISBD 912 $a990000515100203316 951 $a515.243 3 DAV$b10817 ING$c515.243 3 959 $aBK 969 $aTEC 979 $aPATTY$b90$c20010618$lUSA01$h1719 979 $c20020403$lUSA01$h1700 979 $aPATRY$b90$c20040406$lUSA01$h1636 996 $aWavelets and singular integral on curves and surfaces$9886928 997 $aUNISA LEADER 02040nas 2200709-a 450 001 996251300403316 005 20230214213019.0 011 $a1461-7161 035 $a(DE-599)ZDB1500139-8 035 $a(OCoLC)42441490 035 $a(CKB)954925578061 035 $a(CONSER)--2020204637 035 $a(EXLCZ)99954925578061 100 $a19990927a19919999 s-- - 101 0 $aeng 135 $aurmnu|||||||| 181 $ctxt$2rdacontent 182 $cc$2rdamedia 183 $acr$2rdacarrier 200 10$aFeminism & psychology 210 $a[Thousand Oaks, Calif.] $cSage Publications 215 $a1 online resource 300 $aRefereed/Peer-reviewed 311 $a0959-3535 517 3 $aFeminism and psychology 531 $aFEMINISM AND PSYCHOLOGY 531 $aFEM PSYCHOL 531 $aFEMINISM PSYCHOL 606 $aWomen$xPsychology$vPeriodicals 606 $aFeminist psychology$vPeriodicals 606 $aFeminism$vPeriodicals 606 $aFeminism$2fast$3(OCoLC)fst00922671 606 $aFeminist psychology$2fast$3(OCoLC)fst00922806 606 $aWomen$xPsychology$2fast$3(OCoLC)fst01176894 606 $aFeminismus$2gnd 606 $aPsychologie$2gnd 606 $aZeitschrift$2gnd 608 $aPeriodicals.$2fast 608 $aPeriodicals.$2lcgft 610 00$apsychologie 610 00$apsychology 610 00$agender relations 610 00$afeminisme 610 00$afeminism 610 10$aGender Studies (General) 610 20$aPsychology (General) 610 10$aSeksen en hun onderlinge verhoudingen (algemeen) 610 20$aPsychologie (algemeen) 615 0$aWomen$xPsychology 615 0$aFeminist psychology 615 0$aFeminism 615 7$aFeminism. 615 7$aFeminist psychology. 615 7$aWomen$xPsychology. 615 7$aFeminismus 615 7$aPsychologie 615 7$aZeitschrift 676 $a150.82 906 $aJOURNAL 912 $a996251300403316 996 $aFeminism & psychology$92139138 997 $aUNISA